| 000 -ლიდერი |
| ფიქსირებული სიგრძის საკონტროლო ველი |
01767nam a2200253Ia 4500 |
| 001 - საკონტროლო ნომერი |
| საკონტროლო ველი |
22228 |
| 003 - საკონტროლო ნომრის იდენტიფიკატორი |
| საკონტროლო ველი |
GE_BSU |
| 005 - ბოლო ოპერაციის თარიღი და დრო |
| საკონტროლო ველი |
20221221161220.0 |
| 008 - ფიქსირებული სიგრძის მონაცემთა ელემენტები - ზოგადი ინფორმაცია |
| ფიქსირებული სიგრძის საკონტროლო ველი |
181216s2018||||ge |||||||||||||| ||geo|| |
| 040 ## - კატალოგიზაციის წყარო |
| Transcribing agency |
GE_BSU |
| 041 ## - ენის კოდი |
| Language code of text/sound track or separate title |
geo |
| 080 ## - უნივერსალური ათობითი კლასიფიკაციის ინდექსი |
| Universal Decimal Classification number |
33 ბ-52 |
| 100 ## - მთავარი ჩანაწერი - პიროვნების სახელი |
| Personal name |
ბერიძე, თამთა |
| 9 (RLIN) |
10744 |
| 245 ## - ცნობა სათაურის შესახებ |
| Title |
სახელმწიფო აუდიტის ეფექტურად განხორციელების პრობლემები ევროინტეგრაციისა და ეკონომიკური ზრდის პირობებში / |
| Statement of responsibility, etc |
თამთა ბერიძე; სამეცნ. ხელმძღვანელი პ. აროშიძე; ბსუ ; ეკონომიკისა და ბიზნესის ფაკულტეტი. ეკონომიკის დეპარტამენტი. |
| 264 ## - წარმოების, გამოცემის, დისტრიბუციის და სხვა ცნობები |
| გამოცემის, წარმოების, დისტრიბუციის... ადგილი |
ბათუმი, |
| გამოცემის, წარმოების, დისტრიბუციის... თარიღი |
2018. |
| 300 ## - ფიზიკური აღწერა |
| Extent |
177 გვ. ; |
| Other physical details |
30 სმ. |
| 504 ## - BIBLIOGRAPHY, ETC. NOTE |
| Bibliography, etc |
ბიბლ.გვ.163-177 |
| 653 ## - INDEX TERM--UNCONTROLLED |
| Uncontrolled term |
დისერტაცია |
| 653 ## - INDEX TERM--UNCONTROLLED |
| Uncontrolled term |
ეკონომიკა |
| 653 ## - INDEX TERM--UNCONTROLLED |
| Uncontrolled term |
სახელმწიფო აუდიტის ეფექტურად განხორციელების პრობლემები ევროინტეგრაციისა და ეკონომიკური ზრდის პირობებში |
| 700 ## - ADDED ENTRY--PERSONAL NAME |
| Personal name |
აროშიძე, პ. |
| Relator term |
სამეცნ. ხელმძღვანელი |
| 9 (RLIN) |
10745 |
| 710 ## - ADDED ENTRY--CORPORATE NAME |
| Corporate name or jurisdiction name as entry element |
ბსუ |
| Subordinate unit |
ეკონომიკისა და ბიზნესის ფაკულტეტი. ეკონომიკის დეპარტამენტი. |
| 9 (RLIN) |
10751 |
| 942 ## - ADDED ENTRY ELEMENTS (KOHA) |
| Koha item type |
დისერტაცია |
| Source of classification or shelving scheme |
|